| 000 | 00431nab a2200145Ia 4500 | ||
|---|---|---|---|
| 003 | ES-SlBCS | ||
| 005 | 20210601131448.0 | ||
| 008 | 140529s1912 xxu||||| |||| 00| 0 fre d | ||
| 041 | _afre | ||
| 100 | 1 |
_aDraghicesco, D. _9185277 |
|
| 245 | 0 | 0 |
_aLe concept de l'idéal _c D. Draghicesco |
| 651 | 4 |
_aIdeal _9185278 |
|
| 773 | 0 |
_tRevue Philosophique de la France et de L'etranger _gvol. 74, 1912, págs. 465-495 _wRev1701 |
|
| 942 | _cAR | ||
| 999 |
_c563481 _d563481 |
||